000
00314nam a2200133Ia 4500
008
191201s2012 xx 000 0 und d
100
_a
SINGH, VP
245
0
_a
Mechanical Vibrations
250
_a
Rep
260
_c
2012
_b
Dhanpat Rai Pub (P) Ltd
_a
N. Delhi
300
_a
487+MISC
650
_a
ME
942
_2
ddc
_c
BB
999
_c
7522
_d
7522